000
00306nam a2200109Ia 4500
008
220204s9999 xx 000 0 und d
082
_a
82-7
_b
FEI
100
_a
Feinburg, Leonard
245
0
_a
Asian laughter: An anthology of oriental satire and humour
260
_a
New York
_b
Eather Hill
_c
1971
942
_c
BK
999
_c
34213
_d
34213